Zmluvy o verejnom záujme - riešenie problému stratovosti v doprave
Dopravné služby vo verejnom záujme predstavujú väčšinou výkony osobnej dopravy v špecifikovanom dopravnom a tarifnom rámci. Rozmer nutnej kompenzácie strát z týchto služieb. Doprava ako ekonomický podnikateľský subjekt.
Saved in:
| Main Author: | |
|---|---|
| Format: | Book Chapter |
| Language: | Slovak |
| Subjects: | |
| Tags: |
No Tags, Be the first to tag this record!
|
MARC
| LEADER | 00000naa a2200000 4500 | ||
|---|---|---|---|
| 001 | r019296 | ||
| 005 | 20221205101733.3 | ||
| 041 | 0 | |a slo | |
| 044 | |a SK | ||
| 245 | 1 | 0 | |a Zmluvy o verejnom záujme - riešenie problému stratovosti v doprave |c Stanislav Hreusík |
| 520 | |a Dopravné služby vo verejnom záujme predstavujú väčšinou výkony osobnej dopravy v špecifikovanom dopravnom a tarifnom rámci. Rozmer nutnej kompenzácie strát z týchto služieb. Doprava ako ekonomický podnikateľský subjekt. | ||
| 610 | 2 | 0 | |a doprava |
| 610 | 2 | 0 | |a strata |
| 610 | 2 | 0 | |a financovanie |
| 610 | 2 | 0 | |a náklady |
| 610 | 2 | 0 | |a záväzky |
| 610 | 2 | 0 | |a tarify dopravné |
| 610 | 2 | 0 | |a legislatíva |
| 610 | 2 | 0 | |a regulácia štátna |
| 610 | 2 | 0 | |a Slovensko |
| 610 | 2 | 0 | |a správa miestna |
| 100 | 1 | |a Hreusík, Stanislav | |